The book on Bush : (Record no. 15258)

000 -LEADER
fixed length control field 01296cam a2200313 a 4500
001 - CONTROL NUMBER
control field 13358374
005 - DATE AND TIME OF LATEST TRANSACTION
control field 20170105102914.0
008 - FIXED-LENGTH DATA ELEMENTS--GENERAL INFORMATION
fixed length control field 030930s2004 nyu b 001 0deng
010 ## - LIBRARY OF CONGRESS CONTROL NUMBER
LC control number 2003065775
020 ## - INTERNATIONAL STANDARD BOOK NUMBER
International Standard Book Number 0670032735 (alk. paper)
040 ## - CATALOGING SOURCE
Original cataloging agency DLC
Transcribing agency DLC
Modifying agency DLC
043 ## - GEOGRAPHIC AREA CODE
Geographic area code n-us---
050 00 - LIBRARY OF CONGRESS CALL NUMBER
Classification number E902
Item number .A45 2004
082 00 - DEWEY DECIMAL CLASSIFICATION NUMBER
Classification number 973.931/092
Edition number 22
100 1# - MAIN ENTRY--PERSONAL NAME
Personal name Alterman, Eric.
245 14 - TITLE STATEMENT
Title The book on Bush :
Remainder of title how George W. Bush (mis)leads America /
Statement of responsibility, etc. Eric Alterman and Mark Green.
260 ## - PUBLICATION, DISTRIBUTION, ETC.
Place of publication, distribution, etc. New York :
Name of publisher, distributor, etc. Viking,
Date of publication, distribution, etc. 2004.
300 ## - PHYSICAL DESCRIPTION
Extent 419 p. ;
Dimensions 24 cm.
504 ## - BIBLIOGRAPHY, ETC. NOTE
Bibliography, etc. note Includes bibliographical references and index.
600 10 - SUBJECT ADDED ENTRY--PERSONAL NAME
Personal name Bush, George W.
Fuller form of name (George Walker),
Dates associated with a name 1946-
600 10 - SUBJECT ADDED ENTRY--PERSONAL NAME
Personal name Bush, George W.
Fuller form of name (George Walker),
Dates associated with a name 1946-
General subdivision Ethics.
651 #0 - SUBJECT ADDED ENTRY--GEOGRAPHIC NAME
Geographic name United States
General subdivision Politics and government
Chronological subdivision 2001-2009.
700 1# - ADDED ENTRY--PERSONAL NAME
Personal name Green, Mark J.
856 41 - ELECTRONIC LOCATION AND ACCESS
Materials specified Sample text
Uniform Resource Identifier <a href="http://www.loc.gov/catdir/enhancements/fy0719/2003065775-s.html">http://www.loc.gov/catdir/enhancements/fy0719/2003065775-s.html</a>
856 41 - ELECTRONIC LOCATION AND ACCESS
Materials specified Table of contents only
Uniform Resource Identifier <a href="http://www.loc.gov/catdir/enhancements/fy0719/2003065775-t.html">http://www.loc.gov/catdir/enhancements/fy0719/2003065775-t.html</a>
906 ## - LOCAL DATA ELEMENT F, LDF (RLIN)
a 7
b cbc
c orignew
d 1
e ocip
f 20
g y-gencatlg
942 ## - ADDED ENTRY ELEMENTS (KOHA)
Source of classification or shelving scheme
Koha item type Book
Holdings
Withdrawn status Lost status Damaged status Not for loan Collection code Permanent Location Current Location Shelving location Date acquired Total Checkouts Full call number Barcode Date last seen Price effective from Koha item type
          Centre for International Peace & Stability (CIPS) Centre for International Peace & Stability (CIPS) General Stacks 10/02/2013   973.931092 ALT 2004 CIPS0002307 11/25/2013 11/25/2013 Book
© 2023 Central Library, National University of Sciences and Technology. All Rights Reserved.